Lindungan BULAN : (Record no. 194484)

MARC details
000 -LEADER
fixed length control field 00722nam a2200217 i 4500
005 - DATE AND TIME OF LATEST TRANSACTION
control field 20240110114704.0
008 - FIXED-LENGTH DATA ELEMENTS--GENERAL INFORMATION
fixed length control field 240110s1997 my o f 000 0 may d
020 ## - INTERNATIONAL STANDARD BOOK NUMBER
Qualifying information hardback
040 ## - CATALOGING SOURCE
Original cataloging agency PPAK
Language of cataloging eng
Transcribing agency PPAK
Description conventions rda
082 04 - DEWEY DECIMAL CLASSIFICATION NUMBER
Edition number 23
Classification number 959.511205
090 00 - LOCALLY ASSIGNED LC-TYPE CALL NUMBER (OCLC); LOCAL CALL NUMBER (RLIN)
Classification number (OCLC) (R) ; Classification number, CALL (RLIN) (NR) 959.511205
Feature heading LIN
Feature heading KWS
245 00 - TITLE STATEMENT
Title Lindungan BULAN :
Statement of responsibility, etc. SUARA PERSATUAN SEJARAH MALAYSIA CAWANGAN KEDAH
264 #1 - PRODUCTION, PUBLICATION, DISTRIBUTION, MANUFACTURE, AND COPYRIGHT NOTICE
Place of production, publication, distribution, manufacture [Alor Setar] :
Name of producer, publisher, distributor, manufacturer Persatuan Sejarah Malaysia Cawangan Kedah,
Date of production, publication, distribution, manufacture, or copyright notice [1997?]
300 ## - PHYSICAL DESCRIPTION
Extent 1 volume :
Other physical details colour photographs ;
Dimensions 30 cm.
336 ## - CONTENT TYPE
Content type term text
Source rdacontent
337 ## - MEDIA TYPE
Media type term unmediated
Source rdamedia
338 ## - CARRIER TYPE
Carrier type term volume
Source rdacarrier
500 ## - GENERAL NOTE
General note Kertas Kerja
651 #0 - SUBJECT ADDED ENTRY--GEOGRAPHIC NAME
Geographic name Kedah
General subdivision History
Form subdivision Periodicals
942 ## - ADDED ENTRY ELEMENTS (KOHA)
Source of classification or shelving scheme Dewey Decimal Classification
Koha item type Book
Holdings
Withdrawn Not for loan Current library Shelving location Date acquired Total Checkouts Full call number Barcode Date last seen Koha item type
  Not For Loan Perpustakaan Alor Setar Koleksi Wan Shamsudin 15/01/2024   KWS 959.511205 LIN KWS000698 15/01/2024 Book